সহস্রাব্দের বাংলা ভাষা ও সাহিত্য /

ग्रंथसूची विवरण
अन्य लेखक: ইসলাম, রফিকুল (সম্পাদক.), সরকার, তপতী রাণী (সম্পাদক.)
स्वरूप: पुस्तक
भाषा:Bengali
प्रकाशित: ঢাকা : বাংলা অধ্যায়ন কেন্দ্র; ইউনিভার্সিটি অফ লিবারেল আর্টস বাংলাদেশ (ইউল্যাব), ২০১৭.
विषय:
Classic Catalogue: View this record in Classic Catalogue
LEADER 01926nam a22003017a 4500
001 44986
003 BD-DhAAL
005 20260421114451.0
008 251026t2017 bg ||||| |||| 001 0 ben d
020 |a 9789843422088 
040 |a BD-DhAAL  |c BD-DhAAL 
041 |a ben 
082 0 0 |a 891.4409  |2 23 
245 |a সহস্রাব্দের বাংলা ভাষা ও সাহিত্য /  |c সম্পাদক রফিকুল ইসলাম, তপতী রাণী সরকার. 
246 |a Sahasrabder Bangla bhasha o sahitya. 
246 |a Bengal language and literature of the millennium. 
260 |a ঢাকা :  |b বাংলা অধ্যায়ন কেন্দ্র; ইউনিভার্সিটি অফ লিবারেল আর্টস বাংলাদেশ (ইউল্যাব),  |c ২০১৭. 
300 |a ১৬১৪ পৃষ্ঠা ;  |c ২১ সে.মি. 
504 |a গ্রন্থপঞ্জিগত নির্দেশিকা ও নির্ঘণ্ট অন্তর্ভুক্ত। 
541 1 |a Complimentary copy from prof. Imran Rahman Vice Chancellor, University of Liberal Arts Bangladesh (ULAB).   |e 44986 
650 0 |a Bengali literature  |x History and criticism. 
650 0 |a Bengali literature. 
650 0 |a Bengal (India)  |x History. 
700 |a ইসলাম, রফিকুল,  |e সম্পাদক. 
700 |a সরকার, তপতী রাণী,  |e সম্পাদক.  |9 59737 
942 |2 ddc  |c BK 
999 |c 47609  |d 47609 
952 |0 0  |1 0  |2 ddc  |4 0  |6 891_440900000000000_SAH  |7 0  |9 78403  |a BRACUL  |b BRACUL  |c NEW  |d 2025-10-26  |e Complimentary copy from prof. Imran Rahman Vice Chancellor, University of Liberal Arts Bangladesh (ULAB).  |g 1000.00  |l 0  |o 891.4409 SAH  |p 3010044986  |r 2025-10-26  |t 1  |v 2000.00  |w 2025-10-26  |y BK  |x Complimentary copy received from prof. Imran Rahman Vice Chancellor, ULAB. on 20 October 2025;